000 00626nam a2200217Ia 4500
005 20250507130349.0
008 008 250505s9999 xx 000 0 eng d
020 _a1-8768-4371-3
037 _aAnnuals, Advances
040 _aEASL
_beng
_cEASL
041 _aeng
_2eng
084 _aY5.42, P3
_qEASL
100 _aHashimoto Kenji Au.
_9665331
245 0 _aClass structure in contemporary Japan
260 _aAustralia
_bMelbourne Trans pacific press
_c2003
300 _a254p.
365 _aY
_b3,898
490 _aJapanese Society
942 _cTEXL
_hY5.42, P3
999 _c1319254
_d1319254